Chase Atlantic Lyrics - Drugs & Money (Lyrics) - Statistics

General Stats
  • This quiz has been taken 73 times
  • The average score is 273 of 438
Answer Stats
Answer % Correct
a
100%
I
98%
and
93%
Drugs
93%
drugs
93%
money
90%
Money
90%
fuck-
88%
so
88%
fucking
86%
I'm
83%
the
83%
it
79%
that
79%
You
79%
you
79%
hear
74%
in
74%
me
74%
sorry
71%
think
71%
can
69%
need
69%
thing
69%
birds
67%
know
67%
Mama
67%
mama
67%
my
67%
shit
67%
sing
67%
up
67%
boring
64%
God
64%
other
64%
base-
62%
for
62%
Pink
62%
pink
62%
shadow
62%
some
62%
yeah
62%
basement
60%
head
60%
to
60%
when
60%
on
57%
reality's
57%
this
57%
all
55%
how
55%
ignore
55%
story
55%
what's
55%
try
52%
whole
52%
down
50%
only
50%
probably
50%
shadows
50%
whoa
50%
get
48%
is
48%
snort
48%
with
48%
won't
48%
girl
45%
forty
43%
wash
43%
cut
40%
Damn
38%
love
38%
searching
38%
different
33%
or
33%
if
31%
maybe
31%
pick
31%
drop
29%
no
29%
subject
29%
want
26%
be
24%
should
24%
your
24%
baby
21%
chain
21%
could
21%
make
21%
Oh
21%
pocket
21%
rain
21%
substance
21%
wanted
21%
discarded
19%
Gold
19%
lacking
19%
like
19%
listen
19%
plated
19%
about
17%
good
17%
it's
17%
still
17%
stop
17%
cause
14%
drag
14%
'em
14%
got
14%
hell
14%
she
14%
these
14%
told
14%
deliberate
12%
nice
12%
parents
12%
said
12%
wouldn't
12%
are
10%
circumstances
10%
sure
10%
ain't
7%
been
7%
frightening
7%
guess
7%
Guess
7%
life's
7%
things
7%
let
5%
say
5%
song
5%
write
5%
addiction
2%
balance
2%
string
2%
tight
2%
time
2%
and fucking
0%
i'ma
0%
managed
0%
please
0%
No matching quizzes found
Score Distribution
Percent of People with Each Score
Percentile by Number Answered
Your Score History
You have not taken this quiz